[Event "34 Nezhmetdimov Cup"]
[Site "Êàçàíü, "]
[Date "2012.09.27"]
[Round "2.6"]
[White "Vlasenko, Miroslav"]
[Black "Onischuk, Vladimir"]
[Result "0-1"]
[WhiteElo "2400"]
[BlackElo "2547"]
[PlyCount "240"]
[EventDate "2013.??.??"]

1. d4 d6 2. e4 Nf6 3. Nc3 g6 4. f4 Bg7 5. Nf3 O-O 6. Bd3 Na6 7. e5 Nd7 8. Ne4
c5 9. c3 cxd4 10. cxd4 dxe5 11. fxe5 Nb4 12. Bb1 Nb6 13. a3 Nc6 14. h3 Be6 15.
O-O Bd5 16. Bf4 Nc4 17. Kh1 Qb6 18. b3 N4a5 19. b4 Nb3 20. Ba2 Bxe4 21. Qxb3
Bxf3 22. Qxf3 Nxd4 23. Qe4 e6 24. Rfd1 Rfd8 25. Bg5 Rd7 26. Bh4 h6 27. Rac1 g5
28. Bf2 Nf5 29. Qxf5 exf5 30. Bxb6 Rxd1+ 31. Rxd1 axb6 32. e6 fxe6 33. Bxe6+
Kf8 34. Bxf5 Rxa3 35. b5 Rb3 36. Rd8+ Ke7 37. Rd7+ Kf6 38. Bd3 Rc3 39. Be4 Bf8
40. Kg1 Bc5+ 41. Kf1 Rb3 42. Bd3 Ke5 43. g3 h5 44. h4 g4 45. Ke1 Ra3 46. Kd2
Bf2 47. Re7+ Kd4 48. Rd7+ Kc5 49. Rc7+ Kb4 50. Rc4+ Ka5 51. Bg6 Kxb5 52. Re4
Bxg3 53. Bxh5 Bxh4 54. Bxg4 Kc5 55. Bc8 Bf6 56. Bxb7 b5 57. Re6 Bd4 58. Be4 Kc4
59. Rc6+ Bc5 60. Bh7 Ra2+ 61. Kc1 Rf2 62. Bd3+ Kb4 63. Rc8 Be3+ 64. Kb1 Rd2 65.
Bf5 Bc5 66. Rg8 Re2 67. Bd3 Rd2 68. Bf5 Be3 69. Rg3 Bf4 70. Rf3 Be5 71. Bd3 Bd4
72. Bc2 Bc3 73. Rf4+ Kc5 74. Rf5+ Kc4 75. Rf4+ Bd4 76. Rf3 Kd5 77. Rb3 Kc5 78.
Rf3 Rh2 79. Bb3 Kb4 80. Bf7 Be5 81. Rb3+ Kc5 82. Rf3 b4 83. Kc1 Kd4 84. Bb3 Ke4
85. Rf8 Rh1+ 86. Kc2 Rh3 87. Ba4 b3+ 88. Bxb3 Rc3+ 89. Kd2 Rxb3 90. Rc8 Rh3 91.
Kc2 Rh2+ 92. Kb3 Rb2+ 93. Ka3 Rb7 94. Re8 Kd5 95. Rd8+ Bd6+ 96. Ka2 Rb6 97. Ka1
Kc4 98. Ka2 Bc5 99. Rc8 Rb5 100. Rg8 Ra5+ 101. Kb1 Bd4 102. Rg3 Bc3 103. Kc2
Ra2+ 104. Kd1 Rd2+ 105. Kc1 Kb3 106. Rg8 Re2 107. Rb8+ Kc4 108. Kd1 Rd2+ 109.
Kc1 Ra2 110. Rg8 Be5 111. Re8 Kc3 112. Kd1 Kd3 113. Ke1 Bd4 114. Kf1 Rf2+ 115.
Ke1 Rf7 116. Rd8 Rf6 117. Rd7 Rf8 118. Rd5 Rf6 119. Rd7 Ra6 120. Kf1 Rg6 0-1

[Event "34 Nezhmetdimov Cup"]
[Site "Êàçàíü, "]
[Date "2012.09.27"]
[Round "2.8"]
[White "Goganov, Aleksey"]
[Black "Ponfilenok, Vladimir"]
[Result "0-1"]
[WhiteElo "2525"]
[BlackElo "2392"]
[PlyCount "86"]
[EventDate "2013.??.??"]

1. e4 e6 2. d4 d5 3. Nc3 Bb4 4. e5 c5 5. a3 Bxc3+ 6. bxc3 Ne7 7. Qg4 O-O 8. Bd3
f5 9. exf6 Rxf6 10. Bg5 Rf7 11. Qh5 g6 12. Qd1 Nbc6 13. Nf3 Qf8 14. O-O c4 15.
Be2 h6 16. Bc1 g5 17. a4 Qg7 18. h3 Ng6 19. Nh2 Nf4 20. Bf3 Bd7 21. Ba3 Rd8 22.
Re1 e5 23. dxe5 Nxe5 24. Qd4 Nxf3+ 25. Nxf3 Nxh3+ 26. gxh3 Rxf3 27. Qxd5+ Qf7
28. Rad1 Qxd5 29. Rxd5 Re8 30. Rxe8+ Bxe8 31. Rd8 Kf7 32. Bb4 Rxh3 33. a5 Bc6
34. Kf1 a6 35. Ke2 h5 36. Kd2 h4 37. Bd6 Ke6 38. Bc7 Rf3 39. Bb6 h3 40. Rh8 Kf5
41. Rf8+ Kg4 42. Rh8 Be4 43. Bc5 Bg6 0-1

[Event "34 Nezhmetdimov Cup"]
[Site "Êàçàíü, "]
[Date "2012.09.27"]
[Round "2.10"]
[White "Pasiev, Rakhim"]
[Black "Predke, Alexandr"]
[Result "1/2-1/2"]
[WhiteElo "2333"]
[BlackElo "2496"]
[PlyCount "39"]
[EventDate "2013.??.??"]

1. d4 Nf6 2. c4 e6 3. Nc3 Bb4 4. Qc2 d5 5. a3 Bxc3+ 6. Qxc3 O-O 7. Bg5 dxc4 8.
Qxc4 b6 9. Nf3 Ba6 10. Qa4 c5 11. dxc5 bxc5 12. Rd1 Qb6 13. Rd2 Nc6 14. Bxf6
gxf6 15. Qg4+ Kh8 16. Qh4 Kg7 17. Qg4+ Kh8 18. Qh4 Kg7 19. Qg4+ Kh8 20. Qh4
1/2-1/2

[Event "34 Nezhmetdimov Cup"]
[Site "Êàçàíü, "]
[Date "2012.09.27"]
[Round "2.11"]
[White "Iskusnyh, Sergei"]
[Black "Ayupov, Damir"]
[Result "1-0"]
[WhiteElo "2486"]
[BlackElo "2362"]
[PlyCount "177"]
[EventDate "2013.??.??"]

1. d4 Nf6 2. c4 g6 3. Nf3 Bg7 4. g3 d5 5. cxd5 Nxd5 6. Bg2 Nb6 7. Nc3 Nc6 8. e3
O-O 9. O-O Re8 10. Re1 a5 11. Qe2 Be6 12. Nd2 Nb4 13. Rd1 c6 14. a3 N4d5 15.
Nce4 Bf5 16. Nc5 e5 17. dxe5 Qe7 18. Nd3 Bxd3 19. Qxd3 Qxe5 20. Qc2 Nf6 21. Rb1
Rad8 22. b3 Nbd5 23. Nc4 Qf5 24. Qxf5 gxf5 25. Bd2 b6 26. Rbc1 h5 27. Be1 Kh7
28. Rd3 Ne4 29. Bh3 Kg6 30. Nxb6 Nf4 31. Rxc6+ Bf6 32. Rxd8 Nxh3+ 33. Kg2 Rxd8
34. f3 Nhg5 35. fxe4 fxe4 36. h4 Ne6 37. Bxa5 Rd3 38. Nc4 Rxb3 39. a4 Bg7 40.
Bb6 Rb4 41. a5 Ra4 42. Nd6 Be5 43. Kh3 Bxd6 44. Rxd6 Ra1 45. Rd5 f6 46. Rb5 f5
47. Rd5 Ra2 48. Rd6 Kf7 49. Rd7+ Kg6 50. Ra7 Rb2 51. Ra8 Kg7 52. Re8 Kf7 53.
Rh8 Kg6 54. a6 Rxb6 55. a7 Nc7 56. Rg8+ Kf6 57. Rc8 Ra6 58. Rxc7 Ra2 59. Rh7
Kg6 60. Rd7 Kf6 61. Rb7 Kg6 62. g4 fxg4+ 63. Kg3 Kf5 64. Rg7 Kf6 65. Rg5 Rxa7
66. Rxh5 Rg7 67. Rh8 Kf5 68. Rf8+ Ke5 69. Rf4 Ra7 70. Rxg4 Ra1 71. Rg5+ Kf6 72.
Kf4 Rh1 73. Rg4 Rh2 74. Kxe4 Rh1 75. Kd5 Rd1+ 76. Rd4 Rh1 77. Rf4+ Ke7 78. Ke5
Ra1 79. Kf5 Ra5+ 80. Kg6 Ra1 81. h5 Rg1+ 82. Kf5 Kf7 83. Ra4 Rf1+ 84. Kg5 Rg1+
85. Rg4 Ra1 86. Rf4+ Ke6 87. h6 Rg1+ 88. Rg4 Rh1 89. Kg6 1-0

[Event "34 Nezhmetdimov Cup"]
[Site "Êàçàíü, "]
[Date "2012.09.27"]
[Round "2.12"]
[White "Nizamov, Bulat"]
[Black "Tunik, Gennady"]
[Result "0-1"]
[WhiteElo "1901"]
[BlackElo "2456"]
[PlyCount "134"]
[EventDate "2013.??.??"]

1. e4 c5 2. Nf3 e6 3. d4 cxd4 4. Nxd4 Nc6 5. Nc3 a6 6. Nxc6 bxc6 7. Bd3 d5 8.
O-O Nf6 9. Re1 Be7 10. e5 Nd7 11. Qg4 Kf8 12. Qh5 a5 13. Ne2 g6 14. Qh6+ Kg8
15. Nd4 Bf8 16. Qh3 Qe7 17. Bh6 Bb7 18. Bxf8 Rxf8 19. c3 Kg7 20. Qg3 c5 21. Nf3
Bc6 22. Re2 Rb8 23. Rd1 a4 24. Ng5 Rb7 25. c4 dxc4 26. Be4 Nb8 27. Qf3 Qxg5 28.
Bxc6 Nxc6 29. Qxc6 Rd8 30. Rf1 Qe7 31. Qxa4 Rd4 32. Qc2 Qd7 33. b3 Qd5 34. bxc4
Rxc4 35. Qd1 Rd4 36. Qc1 h6 37. h3 c4 38. Qe3 Rc7 39. Rc1 Rc5 40. Kh2 g5 41.
Qg3 Rd3 42. Re3 Ra5 43. Rc3 Rxc3 44. Rxc3 Rxa2 45. f4 Rd2 46. fxg5 h5 47. Rf3
Rd3 48. Qf4 Rxf3 49. gxf3 Qd3 50. g6 Qc2+ 51. Kh1 Qxg6 52. Qxc4 Qg3 53. Qe4
Qxh3+ 54. Kg1 Qg3+ 55. Kh1 h4 56. Qe3 h3 57. Qe2 Kg8 58. Qf1 Qxe5 59. Qxh3 Qh8
60. Kg2 Qxh3+ 61. Kxh3 Kg7 62. Kg4 Kf6 63. Kf4 e5+ 64. Kg4 Ke6 65. Kh4 Kf5 66.
Kg3 e4 67. fxe4+ Kxe4 0-1

[Event "34 Nezhmetdimov Cup"]
[Site "Êàçàíü, "]
[Date "2012.09.27"]
[Round "2.13"]
[White "Chigaev, Maksim"]
[Black "Severina, Maria"]
[Result "1/2-1/2"]
[WhiteElo "2456"]
[BlackElo "2173"]
[PlyCount "93"]
[EventDate "2013.??.??"]

1. e4 e5 2. Nf3 Nc6 3. Nc3 Nf6 4. g3 Bb4 5. Bg2 Bxc3 6. bxc3 Nxe4 7. Nxe5 Nxe5
8. Bxe4 d5 9. Bg2 Bg4 10. f3 Bf5 11. O-O O-O 12. d3 Qd7 13. Re1 Ng6 14. Be3 Bh3
15. Bh1 h5 16. Qd2 Rfe8 17. Bf2 Qf5 18. Re3 Re6 19. Rxe6 fxe6 20. Re1 b6 21. f4
Rf8 22. Qe3 c6 23. c4 Kh8 24. cxd5 cxd5 25. d4 Qxc2 26. Bf3 Qf5 27. Be2 Rc8 28.
Bd3 Qf7 29. Rc1 Rxc1+ 30. Qxc1 Bf5 31. Be2 Nf8 32. Qc8 Kh7 33. Qd8 Bg6 34. Qg5
Nd7 35. h3 Qf5 36. Qxf5 Bxf5 37. g4 hxg4 38. hxg4 Bb1 39. a3 Nf6 40. Be1 Kg6
41. Kf2 Kf7 42. Ke3 g6 43. Bb4 Ba2 44. Bd6 Bc4 45. Bd1 b5 46. Bf3 Nd7 47. Kd2
1/2-1/2

[Event "34 Nezhmetdimov Cup"]
[Site "Êàçàíü, "]
[Date "2012.09.27"]
[Round "2.14"]
[White "Volkov, Sergey"]
[Black "Elistratov, Semen"]
[Result "1-0"]
[WhiteElo "2575"]
[BlackElo "2000"]
[PlyCount "131"]
[EventDate "2013.??.??"]

1. d4 Nf6 2. c4 e6 3. Nc3 Bb4 4. Qc2 O-O 5. a3 Bxc3+ 6. Qxc3 d5 7. Bg5 dxc4 8.
Qxc4 b6 9. Rd1 Bb7 10. Nf3 Nbd7 11. e3 h6 12. Bh4 Bd5 13. Qa4 c5 14. Be2 Rc8
15. O-O Qc7 16. Bg3 Bc6 17. Qa6 Qb7 18. Bd6 Rfd8 19. dxc5 Nxc5 20. Bxc5 bxc5
21. Qxb7 Bxb7 22. Ne5 Nd5 23. Rd2 f6 24. Nc4 Nb6 25. Nd6 Rc7 26. Rfd1 Bd5 27.
Nb5 Rcd7 28. e4 Bxe4 29. Rxd7 Rxd7 30. Rxd7 Nxd7 31. Nxa7 Nb6 32. Nb5 Kf8 33.
Nc3 Bc2 34. Bb5 Ke7 35. a4 Kd6 36. a5 Nd5 37. f3 Nb4 38. Kf2 Bd3 39. Ne4+ Bxe4
40. fxe4 Nc6 41. a6 Kc7 42. Ke3 Ne5 43. Kd2 Kb6 44. Kc3 Ng4 45. h3 Nf2 46. e5
fxe5 47. b4 cxb4+ 48. Kxb4 e4 49. Kc3 e3 50. Bc4 e5 51. Be2 Ne4+ 52. Kd3 Ng3
53. Kxe3 Nxe2 54. Kxe2 Kxa6 55. Ke3 Kb6 56. Ke4 Kc6 57. Kxe5 Kd7 58. Kf5 Ke7
59. Kg6 Kf8 60. Kh7 h5 61. Kg6 Kg8 62. Kxh5 Kh7 63. Kg5 Kg8 64. Kg6 Kf8 65. h4
Kg8 66. h5 1-0

[Event "34 Nezhmetdimov Cup"]
[Site "Êàçàíü, "]
[Date "2012.09.27"]
[Round "2.15"]
[White "Mirzanurov, Bulat"]
[Black "Faizrakhmanov, Ramil"]
[Result "1/2-1/2"]
[WhiteElo "2208"]
[BlackElo "2290"]
[PlyCount "110"]
[EventDate "2013.??.??"]

1. d4 Nf6 2. Nf3 e6 3. Bg5 c5 4. c3 Be7 5. e3 O-O 6. Bd3 b6 7. e4 Bb7 8. Nbd2
h6 9. Bh4 Nh5 10. Bxe7 Qxe7 11. g3 Nf6 12. O-O d6 13. Qe2 Nc6 14. Rad1 cxd4 15.
Nxd4 Rac8 16. f4 Nxd4 17. cxd4 e5 18. fxe5 dxe5 19. d5 Ne8 20. Nf3 Nd6 21. Nh4
Rc5 22. Rc1 Rfc8 23. Rxc5 Rxc5 24. Qh5 Bc8 25. Nf3 f6 26. Nd2 Bd7 27. Nb3 Rc7
28. Qe2 Ba4 29. Qd2 Nb7 30. Rc1 Bxb3 31. axb3 Rxc1+ 32. Qxc1 Qc5+ 33. Qxc5 Nxc5
34. Bc2 Kf8 35. Kf2 Ke7 36. Ke3 Kd6 37. g4 a5 38. h4 Nd7 39. Kf3 Nf8 40. Kg3
Kc5 41. g5 fxg5 42. hxg5 Ng6 43. gxh6 gxh6 44. Kg4 Nf4 45. Kf5 Kd6 46. Bb1 b5
47. Kg4 b4 48. Kf5 h5 49. Kg5 Kc5 50. Bc2 Kd6 51. Bb1 Kc5 52. Bc2 Kd6 53. Bb1
Ne2 54. Bc2 Nf4 55. Bb1 Ne2 1/2-1/2

[Event "34 Nezhmetdimov Cup"]
[Site "Êàçàíü, "]
[Date "2012.09.27"]
[Round "2.16"]
[White "Hasangatin, Ramil"]
[Black "Dvoirys, Semen I"]
[Result "1/2-1/2"]
[WhiteElo "2503"]
[BlackElo "2533"]
[PlyCount "86"]
[EventDate "2013.??.??"]

1. c4 e5 2. Nc3 Nc6 3. g3 g6 4. Bg2 Bg7 5. d3 Nge7 6. e3 O-O 7. Nge2 d6 8. O-O
Bd7 9. Rb1 Qc8 10. b4 Bh3 11. b5 Bxg2 12. Kxg2 Nd8 13. Nd5 Qd7 14. e4 Ne6 15.
Be3 f5 16. Nxe7+ Qxe7 17. exf5 gxf5 18. f4 Rae8 19. Qd2 Qd7 20. Rbe1 a6 21. a4
Rd8 22. d4 axb5 23. axb5 exf4 24. Nxf4 Nxf4+ 25. Rxf4 d5 26. Qd3 Rde8 27. c5
Re4 28. Rxe4 fxe4 29. Qe2 c6 30. bxc6 bxc6 31. Rf1 Rf5 32. Rxf5 Qxf5 33. g4 Qf7
34. Qf2 Qg6 35. Qf4 h5 36. g5 Kh7 37. Kg3 Qe6 38. Kh4 Qd7 39. h3 Qe6 40. Qd6
Qe8 41. Qf4 Kg6 42. Qd6+ Kh7 43. Qf4 Kg6 1/2-1/2

[Event "34 Nezhmetdimov Cup"]
[Site "Êàçàíü, "]
[Date "2012.09.27"]
[Round "2.17"]
[White "Glukhov, Alexander"]
[Black "Timofeev, Artyom"]
[Result "1-0"]
[WhiteElo "2150"]
[BlackElo "2640"]
[PlyCount "91"]
[EventDate "2013.??.??"]

1. e4 c5 2. Nf3 e6 3. d4 cxd4 4. Nxd4 Nc6 5. Nc3 Qc7 6. Be3 Nf6 7. f4 Bb4 8.
Ndb5 Qa5 9. e5 Ne4 10. Qd3 Nxc3 11. bxc3 Be7 12. Be2 O-O 13. O-O f6 14. exf6
Bxf6 15. Rab1 d5 16. Bg4 Bd7 17. c4 Rad8 18. cxd5 exd5 19. Qxd5+ Rf7 20. Be6
Be8 21. Qb3 a6 22. Na3 Nd4 23. Bxd4 Rxd4 24. Kh1 Qc5 25. c4 Bc6 26. Rbd1 Re4
27. Rde1 Rxe1 28. Rxe1 Qf2 29. Rg1 Bd4 30. Bxf7+ Kxf7 31. Qd1 Be4 32. c5 Bxc5
33. Qd7+ Kf6 34. Qd8+ Be7 35. Qa5 Kg6 36. Qe5 Bxa3 37. Qxe4+ Kf6 38. Qe5+ Kf7
39. Qd5+ Kf6 40. Qxb7 Qxa2 41. Qxa6+ Kf7 42. Rd1 Qb3 43. Qd3 Qxd3 44. Rxd3 Be7
45. g3 g5 46. Kg2 1-0

[Event "34 Nezhmetdimov Cup"]
[Site "Êàçàíü, "]
[Date "2012.09.27"]
[Round "2.18"]
[White "Charochkina, Daria"]
[Black "Vafin, Ayrat"]
[Result "1/2-1/2"]
[WhiteElo "2366"]
[BlackElo "2161"]
[PlyCount "78"]
[EventDate "2013.??.??"]

1. e4 c5 2. Nf3 e6 3. d4 cxd4 4. Nxd4 Nf6 5. Nc3 d6 6. f4 a6 7. Qf3 Qc7 8. g4
b5 9. g5 b4 10. Ncb5 axb5 11. gxf6 gxf6 12. Bxb5+ Bd7 13. Bd2 Bxb5 14. Nxb5 Qb7
15. Qd3 Nc6 16. Be3 Rb8 17. a4 bxa3 18. Nxa3 f5 19. Nc4 Nb4 20. Qc3 Qxe4 21.
Nxd6+ Bxd6 22. Qxh8+ Bf8 23. Kf2 Nxc2 24. Qe5 Qxe5 25. fxe5 Nxa1 26. Rxa1 Rxb2+
27. Kf3 Rb8 28. Rg1 Kd7 29. Rd1+ Kc6 30. Rc1+ Kd7 31. Rd1+ Ke8 32. Ra1 Bg7 33.
Ra5 Rb7 34. Bd4 Ke7 35. Bc5+ Kd7 36. Bd4 Kc6 37. Rc5+ Kd7 38. Ra5 Kc6 39. Rc5+
Kd7 1/2-1/2

[Event "34 Nezhmetdimov Cup"]
[Site "Êàçàíü, "]
[Date "2012.09.27"]
[Round "2.19"]
[White "Gerasimov, Ivan"]
[Black "Merkushev, Dmitry"]
[Result "1-0"]
[WhiteElo "2330"]
[BlackElo "2130"]
[PlyCount "105"]
[EventDate "2013.??.??"]

1. e4 d6 2. d4 Nf6 3. Nc3 e5 4. Nf3 Nbd7 5. Bc4 Be7 6. O-O O-O 7. Re1 exd4 8.
Nxd4 Ne5 9. Bf1 Re8 10. h3 h6 11. Bf4 Ng6 12. Bh2 Bf8 13. Qd2 a6 14. a4 Bd7 15.
a5 Qb8 16. Kh1 b5 17. axb6 Qxb6 18. f3 Ne5 19. f4 Nc6 20. Nf3 Nb4 21. e5 Nh7
22. Ne4 d5 23. Ng3 Red8 24. f5 Bc5 25. e6 fxe6 26. fxe6 Bxe6 27. c3 Bf7 28.
cxb4 Bxb4 29. Qf4 Bxe1 30. Rxe1 Qxb2 31. Ne5 Nf6 32. Nf5 Be8 33. Qg3 Nh5 34.
Nxh6+ Kf8 35. Qf3+ Nf6 36. Nhg4 Qb6 37. Bg1 Qd6 38. Bc5 Qxc5 39. Nxf6 gxf6 40.
Qxf6+ Kg8 41. Qg5+ Kh8 42. Qh6+ Kg8 43. Re3 Qxe3 44. Qxe3 Rd6 45. Ng4 Bg6 46.
Qg5 Kh7 47. Nf6+ Kg7 48. Nxd5 Rf8 49. Bd3 Kh7 50. Qe7+ Kg8 51. Bc4 Bf7 52. Qg5+
Kh8 53. Nf6 1-0

[Event "34 Nezhmetdimov Cup"]
[Site "Êàçàíü, "]
[Date "2012.09.27"]
[Round "2.20"]
[White "Zlachevskiy, Leonid"]
[Black "Yuzhakov, Oleg"]
[Result "0-1"]
[WhiteElo "2124"]
[BlackElo "2325"]
[PlyCount "110"]
[EventDate "2013.??.??"]

1. e4 d5 2. exd5 Qxd5 3. Nc3 Qd6 4. d4 Nf6 5. g3 Bg4 6. f3 Bf5 7. Bf4 Qb6 8.
Bb5+ c6 9. Bd3 Qxb2 10. Nge2 Bxd3 11. cxd3 Qb6 12. Rb1 Qa6 13. Qb3 b6 14. d5
Nfd7 15. d4 Qb7 16. O-O h6 17. Rfc1 cxd5 18. Nxd5 Na6 19. Qb5 e6 20. Nc7+ Nxc7
21. Rxc7 Qd5 22. Qa4 Rd8 23. Kf2 Qa5 24. Qxa5 bxa5 25. Rxa7 e5 26. Be3 Bb4 27.
Rb3 exd4 28. Bxd4 O-O 29. a3 Bd2 30. Rd3 Bg5 31. h4 Be7 32. Be3 Ne5 33. Rxd8
Bxd8 34. Nf4 Re8 35. Nd5 Nc4 36. Bc5 Nb2 37. Kg2 Nd3 38. Ne7+ Kf8 39. Ng6+ Kg8
40. Ne7+ Kh7 41. Bd6 Ne1+ 42. Kh3 Nxf3 43. Nc6 Bb6 44. Rxf7 Ng1+ 45. Kg2 Re2+
46. Kf1 Re6 47. Be5 Kg8 48. Rxg7+ Kf8 49. Rh7 Rxc6 50. Bg7+ Kg8 51. Rxh6 Rc1+
52. Kg2 Rc2+ 53. Kf1 Bc5 54. Rg6 Kh7 55. h5 Nf3 0-1

[Event "34 Nezhmetdimov Cup"]
[Site "Êàçàíü, "]
[Date "2012.09.27"]
[Round "2.21"]
[White "Demianjuk, Alexander"]
[Black "Sarana, Alexey"]
[Result "1/2-1/2"]
[WhiteElo "2324"]
[BlackElo "2118"]
[PlyCount "92"]
[EventDate "2013.??.??"]

1. d4 Nf6 2. Nf3 e6 3. c4 d5 4. g3 Bb4+ 5. Bd2 Be7 6. Bg2 O-O 7. O-O c6 8. Qc2
Nbd7 9. Rd1 b6 10. Bf4 Nh5 11. Bc1 Bb7 12. Nc3 Nhf6 13. e4 dxe4 14. Nxe4 Nxe4
15. Qxe4 Qc7 16. Bf4 Bd6 17. Bxd6 Qxd6 18. c5 Qc7 19. Rac1 Rfd8 20. h4 Re8 21.
Ne5 Nf6 22. Qc2 b5 23. Qe2 Nd5 24. h5 f6 25. Nd3 Bc8 26. Bxd5 cxd5 27. Nb4 a5
28. Nxd5 Qc6 29. Nc3 Bb7 30. d5 exd5 31. Qxb5 Re5 32. Qxc6 Bxc6 33. Rd4 Rb8 34.
b3 Rxh5 35. Rcd1 Kf7 36. f4 Re8 37. a3 Re3 38. R1d3 Rxd3 39. Rxd3 d4 40. Rxd4
Rxc5 41. Rd3 Ke7 42. Kf2 g5 43. Ke3 h5 44. b4 axb4 45. axb4 Rc4 46. fxg5 fxg5
1/2-1/2

[Event "34 Nezhmetdimov Cup"]
[Site "Êàçàíü, "]
[Date "2012.09.27"]
[Round "2.22"]
[White "Shurakov, Denis"]
[Black "Yeletsky, Ivan"]
[Result "0-1"]
[WhiteElo "2280"]
[BlackElo "2099"]
[PlyCount "62"]
[EventDate "2013.??.??"]

1. Nf3 d5 2. d4 c6 3. c4 e6 4. Qc2 Nf6 5. g3 dxc4 6. Qxc4 b5 7. Qc2 Bb7 8. Bg2
Nbd7 9. O-O c5 10. a4 b4 11. Nbd2 Rc8 12. Qd3 cxd4 13. Nxd4 Bxg2 14. Kxg2 Be7
15. Qb5 Rc5 16. Qb7 Rc7 17. Qf3 Ne5 18. Qf4 Ng6 19. Qe3 Ng4 20. Qd3 Rd7 21. e3
e5 22. Qe2 Nxh2 23. Kxh2 exd4 24. exd4 Rxd4 25. Nf3 Rd5 26. Be3 O-O 27. Rad1
Rh5+ 28. Kg2 Qc8 29. Ng1 Re5 30. Rc1 Qd7 31. Nf3 Nf4+ 0-1

[Event "34 Nezhmetdimov Cup"]
[Site "Êàçàíü, "]
[Date "2012.09.27"]
[Round "2.23"]
[White "Trapeznikova, Darya"]
[Black "Toropov, Pavel"]
[Result "0-1"]
[WhiteElo "2069"]
[BlackElo "2261"]
[PlyCount "164"]
[EventDate "2013.??.??"]

1. d4 d5 2. c4 c6 3. Nc3 Nf6 4. e3 g6 5. Nf3 Bg7 6. Bd3 O-O 7. h3 a6 8. O-O b5
9. b3 Re8 10. Bb2 Bf5 11. Rc1 Nbd7 12. Qc2 Bxd3 13. Qxd3 Rb8 14. Ba1 Qa5 15.
Rc2 bxc4 16. bxc4 Rb4 17. Nd2 e5 18. cxd5 cxd5 19. Nb3 Qb6 20. dxe5 Nxe5 21.
Qd1 Rd8 22. Rd2 Qe6 23. Ne2 Bh6 24. Ned4 Qe8 25. Nf3 Ned7 26. Qe2 Qe6 27. Rc1
Rb6 28. Nc5 Nxc5 29. Bxf6 Qxf6 30. Rxc5 Rbd6 31. Nd4 Bg7 32. Qd1 h5 33. Nf3 Qe6
34. Nd4 Qe4 35. Nc6 R8d7 36. Rcxd5 Rxd5 37. Rxd5 Rc7 38. Rd8+ Kh7 39. Nd4 Rb7
40. Rc8 Qb1 41. Qxb1 Rxb1+ 42. Kh2 Rb2 43. a3 Rxf2 44. Nf3 Bh6 45. Ra8 Bxe3 46.
Rxa6 Bf4+ 47. Kg1 Ra2 48. Kf1 Kg7 49. Ra4 Be3 50. Re4 Rxa3 51. Ke2 Bb6 52. g4
Ra2+ 53. Kd3 Rf2 54. Nh4 Rh2 55. gxh5 Rxh3+ 56. Kc4 g5 57. Nf5+ Kf6 58. Ne7 Rh4
59. Rxh4 gxh4 60. h6 Bf2 61. Kd3 Bg3 62. Ke4 Be1 63. Nf5 Kg6 64. Nd6 f6 65. Kf3
h3 66. Ne4 f5 67. Ng3 h2 68. Nh1 Kxh6 69. Kg2 Kg5 70. Kxh2 Kg4 71. Kg2 Bh4 72.
Kg1 Kf3 73. Kf1 f4 74. Kg1 Ke2 75. Kg2 Be1 76. Kg1 f3 77. Kh2 Kf1 78. Kh3 Kg1
79. Kg4 Kg2 80. Kf4 Bb4 81. Ke3 Bd2+ 82. Ke4 Bh6 0-1

[Event "34 Nezhmetdimov Cup"]
[Site "Êàçàíü, "]
[Date "2012.09.27"]
[Round "2.24"]
[White "Sadykov, Ramil"]
[Black "Sazonova, Anastasia"]
[Result "1-0"]
[WhiteElo "2234"]
[BlackElo "2067"]
[PlyCount "75"]
[EventDate "2013.??.??"]

1. e4 c5 2. Nf3 d6 3. Bc4 e6 4. O-O Nc6 5. c3 Nf6 6. d3 Be7 7. Bb3 O-O 8. Re1
Qc7 9. Nbd2 b5 10. Nf1 Na5 11. Bc2 e5 12. Bg5 Ne8 13. Bd2 Be6 14. Ne3 g6 15. a4
c4 16. axb5 cxd3 17. Bxd3 Nb3 18. Ra3 Nc5 19. Qc2 Nxd3 20. Qxd3 Ng7 21. Rea1 d5
22. Ra6 dxe4 23. Qxe4 Rfd8 24. b6 Qd7 25. Rxa7 Rxa7 26. bxa7 f5 27. Qa4 Qxa4
28. Rxa4 Ra8 29. Nxe5 Bc5 30. Ra5 Bb6 31. Ra6 Bc5 32. Nc6 Bd7 33. b4 Bxc6 34.
Rxc6 Bxa7 35. Kf1 Re8 36. Nd5 Rb8 37. Rc7 Bb6 38. Nf6+ 1-0

[Event "34 Nezhmetdimov Cup"]
[Site "Êàçàíü, "]
[Date "2012.09.27"]
[Round "2.25"]
[White "Shkuro, Alexandr"]
[Black "Ismailov, Mukhit"]
[Result "1/2-1/2"]
[WhiteElo "2030"]
[BlackElo "2209"]
[PlyCount "100"]
[EventDate "2013.??.??"]

1. d4 Nf6 2. Nf3 g6 3. e3 Bg7 4. Bd3 O-O 5. O-O d6 6. b3 Nbd7 7. Bb2 Re8 8. c4
e5 9. Bc2 b6 10. dxe5 Ng4 11. Be4 Rb8 12. Bc6 Rf8 13. Bxd7 Bxd7 14. h3 Nxe5 15.
Nxe5 dxe5 16. Nc3 Be6 17. Qxd8 Rfxd8 18. Rfd1 c6 19. Rxd8+ Rxd8 20. Rd1 Rxd1+
21. Nxd1 Bf5 22. Kf1 Bd3+ 23. Ke1 f5 24. f4 Kf7 25. h4 Bb1 26. Nc3 exf4 27.
Nxb1 Bxb2 28. exf4 Ke6 29. Ke2 Kd6 30. b4 Bd4 31. a4 a5 32. bxa5 bxa5 33. Nd2
Bf6 34. Nb3 Bxh4 35. Nxa5 Kc5 36. Kd3 Bg3 37. Nb3+ Kb4 38. Nd4 Bxf4 39. Nxc6+
Kxa4 40. Kd4 Bg3 41. Kd5 f4 42. c5 Kb5 43. Nd4+ Ka6 44. Kc6 g5 45. Kd7 g4 46.
c6 f3 47. gxf3 gxf3 48. Nxf3 Ka7 49. Nh4 Kb8 50. Nf5 Bf4 1/2-1/2

[Event "34 Nezhmetdimov Cup"]
[Site "Êàçàíü, "]
[Date "2012.09.27"]
[Round "2.26"]
[White "Murtazin, Bulat"]
[Black "Malygin, Alexander"]
[Result "1/2-1/2"]
[WhiteElo "2012"]
[BlackElo "2200"]
[PlyCount "102"]
[EventDate "2013.??.??"]

1. d4 f5 2. c4 Nf6 3. Nf3 g6 4. Nc3 Bg7 5. g3 O-O 6. Bg2 d6 7. O-O Nc6 8. Re1
e5 9. e3 e4 10. Ng5 h6 11. Nh3 g5 12. Kh1 Nb4 13. Bf1 Qe8 14. Ng1 Bd7 15. a3
Nc6 16. Bd2 Qg6 17. Bg2 Ng4 18. Rf1 Rae8 19. Nd5 f4 20. exf4 Bxd4 21. Nxc7 Rc8
22. Nb5 Nxf2+ 23. Rxf2 Bxf2 24. Bc3 gxf4 25. Qd5+ Be6 26. Qxe4 Qxe4 27. Bxe4
fxg3 28. Nxd6 Rc7 29. hxg3 Bxg3 30. Nxb7 Bxc4 31. Nf3 Bf2 32. Nd6 Be6 33. Rd1
a6 34. Rd2 Be3 35. Rg2+ Bg5 36. Nxg5 Rf1+ 37. Kh2 hxg5 38. Ne8 Rc8 39. Rxg5+
Kf8 40. Nf6 Ne7 41. Nh7+ Ke8 42. Bd3 Rf3 43. Rg3 Rxg3 44. Kxg3 Bc4 45. Be4 Kd7
46. Bf3 Bd3 47. Nf6+ Ke6 48. Ne4 Bxe4 49. Bxe4 Nd5 50. Bd2 Rb8 51. b4 a5
1/2-1/2

[Event "34 Nezhmetdimov Cup"]
[Site "Êàçàíü, "]
[Date "2012.09.27"]
[Round "2.27"]
[White "Ivanov, Oleg"]
[Black "Bakunin, Damir"]
[Result "1-0"]
[WhiteElo "2177"]
[BlackElo "2024"]
[PlyCount "59"]
[EventDate "2013.??.??"]

1. d4 d5 2. Nf3 Nf6 3. c4 c6 4. Nc3 e6 5. e3 Nbd7 6. Qc2 b6 7. Be2 Bb7 8. cxd5
exd5 9. O-O Be7 10. Ne5 O-O 11. f4 Rc8 12. Bd3 c5 13. Nxd7 cxd4 14. Nxf6+ Bxf6
15. exd4 Bxd4+ 16. Kh1 Qh4 17. Qd1 Bxc3 18. bxc3 Rc6 19. f5 Rxc3 20. Bb2 Rc6
21. Be5 Qe7 22. Bd4 Qh4 23. Be5 Qe7 24. Re1 f6 25. Bb2 Qb4 26. Rb1 Rfc8 27.
Bxf6 Qa3 28. Bb2 Qxa2 29. Qh5 g6 30. fxg6 1-0

[Event "34 Nezhmetdimov Cup"]
[Site "Êàçàíü, "]
[Date "2012.09.27"]
[Round "2.28"]
[White "Shaydullina, Sandugach"]
[Black "Rumiantseva, Ksenia"]
[Result "1-0"]
[WhiteElo "2162"]
[BlackElo "1913"]
[PlyCount "45"]
[EventDate "2013.??.??"]

1. d4 d5 2. Nf3 Nf6 3. c4 c6 4. Nc3 a6 5. cxd5 cxd5 6. Bf4 Nc6 7. Ne5 e6 8.
Nxc6 bxc6 9. e3 c5 10. Bd3 cxd4 11. exd4 Bd6 12. Bg5 O-O 13. O-O h6 14. Bh4 Bb7
15. Re1 Be7 16. Bc2 Nd7 17. Qd3 g6 18. Rxe6 Nf6 19. Rae1 Bc8 20. Rxe7 g5 21.
Bg3 Be6 22. R1xe6 fxe6 23. Qg6+ 1-0

[Event "34 Nezhmetdinov Cup"]
[Site ", "]
[Date "2012.09.28"]
[Round "3.1"]
[White "Vorobiov, Evgeny E"]
[Black "Ibragimov, Ildar"]
[Result "1/2-1/2"]
[WhiteElo "2594"]
[BlackElo "2546"]
[PlyCount "48"]
[EventDate "2013.??.??"]

1. d4 Nf6 2. c4 e6 3. g3 Bb4+ 4. Bd2 a5 5. Bg2 O-O 6. e4 d6 7. Ne2 e5 8. a3
Bxd2+ 9. Nxd2 c6 10. Qc2 exd4 11. Nxd4 Qb6 12. Qc3 a4 13. O-O Na6 14. h3 Nc5
15. Kh2 Re8 16. Rae1 Qa5 17. Qc2 Be6 18. Re3 Rad8 19. Rfe1 Bc8 20. f4 Re7 21.
R1e2 Rde8 22. Re1 Rd8 23. R1e2 Rde8 24. Re1 Rd8 1/2-1/2

[Event "34 Nezhmetdinov Cup"]
[Site ", "]
[Date "2012.09.28"]
[Round "3.4"]
[White "Onischuk, Vladimir"]
[Black "Tunik, Gennady"]
[Result "1-0"]
[WhiteElo "2547"]
[BlackElo "2456"]
[PlyCount "105"]
[EventDate "2013.??.??"]

1. Nf3 Nf6 2. g3 d5 3. Bg2 c6 4. b3 Bf5 5. Bb2 e6 6. O-O h6 7. d3 Be7 8. Nbd2
O-O 9. Re1 Bh7 10. e4 a5 11. a3 Na6 12. Qe2 Qb6 13. h3 Nc5 14. exd5 cxd5 15.
Ne5 Qd8 16. Kh2 Rc8 17. Rac1 Ncd7 18. Nxd7 Qxd7 19. f4 b5 20. Nf3 b4 21. a4 Qa7
22. Nd4 Rfe8 23. Qf3 Bc5 24. Nb5 Qe7 25. Re2 Qd8 26. Rce1 Bg6 27. g4 Rf8 28.
Kh1 d4 29. Qf2 Nd5 30. Bxd4 Be7 31. Qf3 Bh4 32. Rf1 Ne7 33. Be5 f6 34. Bd6 Bf7
35. Qb7 f5 36. Bc7 Qd7 37. Bxa5 Qxb7 38. Bxb7 Rb8 39. Bg2 fxg4 40. hxg4 h5 41.
Bxb4 hxg4 42. Bxe7 Bxe7 43. f5 Kh7 44. fxe6 Bh5 45. Be4+ Kh6 46. Ref2 Rxf2 47.
Rxf2 Kg5 48. Kg2 Be8 49. Nc7 g6 50. a5 Bc5 51. a6 Rc8 52. Nxe8 Rxe8 53. Rf7 1-0